Educación familiar en la escuela de padres y madres de la región de Ilobasco (El Salvador): Aproximación teórica y práctica (Registro nro. 35870)

Detalles MARC
000 -CABECERA
Longitud fija campo de control 00719nam a22001937a 4500
003 - IDENTIFICADOR DELl NÚMERO DE CONTROL
Identificador del número de control OSt
005 - FECHA Y HORA DE LA ÚLTIMA TRANSACCIÓN
Fecha y hora de la última transacción 20250618175431.0
008 - CÓDIGOS DE INFORMACIÓN DE LONGITUD FIJA
Códigos de información de longitud fija 250618b ||||| |||| 00| 0 eng d
040 ## - FUENTE DE LA CATALOGACIÓN
Centro transcriptor BCRI
082 ## - NÚMERO DE LA CLASIFICACIÓN DECIMAL DEWEY
Númeroo de clasificación 371.04
100 1# - PUNTO DE ACCESO PRINCIPAL-NOMBRE DE PERSONA
9 (RLIN) 35233
Nombre de persona Ayala Zepeda, Willian Edgardo
245 ## - MENCIÓN DE TÍTULO
Título Educación familiar en la escuela de padres y madres de la región de Ilobasco (El Salvador): Aproximación teórica y práctica
Resto del título : Informe final de investigación
Mención de responsabilidad, etc. Willian Edgardo Ayala Zepeda
260 ## - PUBLICACIÓN, DISTRIBUCIÓN, ETC. (PIE DE IMPRENTA)
Lugar de publicación, distribución, etc. Pamplona, Navarra
Nombre del editor, distribuidor, etc. Universidad de Navarra
Fecha de publicación, distribución, etc. 2019
300 ## - DESCRIPCIÓN FÍSICA
Extensión 473 h.
Otras características físicas il.
Dimensiones 29 cm.
502 ## - NOTA DE TESIS
Nota de tesis Tesis doctoral
650 #0 - PUNTO DE ACCESO ADICIONAL DE MATERIA - TÉRMINO DE MATERIA
9 (RLIN) 7154
Término de materia o nombre geográfico como elemento inicial Educación familiar
710 2# - PUNTO DE ACCESO ADICIONAL - NOMBRE DE ENTIDAD
9 (RLIN) 1578
Nombre de entidad o nombre de jurisdicción como elemento inicial Universidad de Navarra
942 ## - ENTRADA DE ELEMENTOS AGREGADOS (KOHA)
Fuente de clasificaión o esquema Dewey Decimal Classification
Koha [por defecto] tipo de item 4- Trabajo de Graduación
Parte de clasificación prozim
Existencias
Suprimido Perdido Fuente de clasificación o esquema Estropeado Restricciones de uso No para préstamo Código de colección Localización permanente Localización actual Localización en estanter&íacute;as Fecha adquisición Número de inventario Préstamos totales Signatura completa Código de barras Fecha última consulta Fecha último préstamo Fecha del precio de reemplazo Tipo de item de Koha
NULL NULL Dewey Decimal Classification NULL Prestable NULL NULL Biblioteca Centro Regional de Ilobasco Biblioteca Centro Regional de Ilobasco Sala Principal 18/06/2025 000009 1 IN-000009 1053289 04/03/2026 03/03/2026 18/06/2025 4- Trabajo de Graduación